000 00521nam a2200169 a 4500
005 20140412111241.0
008 010328s19uu xx 00 eng d
050 _aTR(GS 414
_bG73 1990
100 _aGregoria, Barbara
245 _aRhyming families, grades 1-3 /
_cwritten by Barbara Gregorich ; edited by Joan Hoffman ; illustrated by Chris Cook.
260 _bSchool Zone Publishing Company,
_c1990.
300 _a32 p.
440 _aAn "I Know It" Book
650 _aPhonics
999 _c102733
_d102733